书目信息 |
| 题名: |
富爸爸穷爸爸
|
|
| 作者: | 清崎 著 ;萧明 译 | |
| 分册: | ||
| 出版信息: | 成都 四川人民出版社 2017.09 |
|
| 页数: | 352页 | |
| 开本: | 22cm | |
| 丛书名: | 富爸爸财商教育系列 | |
| 单 册: | ||
| 中图分类: | F063.4-49 | |
| 科图分类: | ||
| 主题词: | 家庭--jia ting--经济管理--普及读物 , 经济学--分支科学 | |
| 电子资源: | ||
| ISBN: | 978-7-220-10291-2 | |
| 000 | 01343nam 2200337 450 | |
| 001 | CAL 0120172299431 | |
| 005 | 20171211154959.60 | |
| 010 | @a978-7-220-10291-2@b@dCNY48.00 | |
| 100 | @a20171012d2017 em y0chiy50 ea | |
| 101 | 1 | @achi@ceng |
| 102 | @aCN@b510000 | |
| 105 | @aa z 000yy | |
| 106 | @ar | |
| 200 | 1 | @a富爸爸穷爸爸@Afu ba ba qiong ba ba@f(美) 罗伯特·清崎著@g萧明译 |
| 205 | @a修订版 | |
| 210 | @a成都@c四川人民出版社@d2017.09 | |
| 215 | @a352页@c图@d22cm | |
| 225 | 2 | @a富爸爸财商教育系列@Afu ba ba cai shang jiao yu xi lie |
| 312 | @a英文题名取自版权页 | |
| 314 | @a清崎, 被誉为“百万富翁的教父”等。 | |
| 330 | @a清崎有两个爸爸: “穷爸爸”是他的亲生父亲, 一个高学历的教育官员 ; “富爸爸”是他好朋友的父亲, 一个高中没毕业却善于投资理财的企业家。清崎遵从“穷爸爸”为他设计的人生道路: 上大学, 服兵役, 参加越战, 走过了平凡的人生初期。直到1977年, 清崎亲眼目睹一生辛劳的“穷爸爸”失了业, “富爸爸”则成了夏威夷很富有的人之一。 | |
| 410 | 0 | @12001 @a富爸爸财商教育系列 |
| 500 | 10 | @aRich dad poor dad@mChinese |
| 606 | 0 | @a家庭@Ajia ting@x经济管理@j普及读物 |
| 606 | 0 | @a经济学@x分支科学 |
| 690 | @aF063.4-49@v5 | |
| 701 | 1 | @a清崎@Aqing qi@g(Kiyosaki, Robert T.)@4著 |
| 702 | 0 | @a萧明@Axiao ming@4译 |
| 801 | 0 | @aCN@b人天书店@c20171012@g |
| 905 | @aBZT@dF063.4-49@e2 | |
| 906 | @dCNY48.00@n3@r1 | |
| 富爸爸穷爸爸/(美) 罗伯特·清崎著/萧明译.-修订版.-成都:四川人民出版社,2017.09 |
| 352页:图;22cm.-(富爸爸财商教育系列) |
| ISBN 978-7-220-10291-2:CNY48.00 |
| 清崎有两个爸爸: “穷爸爸”是他的亲生父亲, 一个高学历的教育官员 ; “富爸爸”是他好朋友的父亲, 一个高中没毕业却善于投资理财的企业家。清崎遵从“穷爸爸”为他设计的人生道路: 上大学, 服兵役, 参加越战, 走过了平凡的人生初期。直到1977年, 清崎亲眼目睹一生辛劳的“穷爸爸”失了业, “富爸爸”则成了夏威夷很富有的人之一。 |
| ● |
| 相关链接 |
|
|
|
正题名:富爸爸穷爸爸
索取号:F063.4-49/2
 
预约/预借
| 序号 | 登录号 | 条形码 | 馆藏地/架位号 | 状态 | 备注 |
| 1 | 836989 | 2000836989 | 第二书库/ [索取号:F063.4-49/2] | 在馆 | |
| 2 | 836990 | 2000836990 | 第二书库/ [索取号:F063.4-49/2] | 在馆 | |
| 3 | 836991 | 2000836991 | 第二书库/ [索取号:F063.4-49/2] | 在馆 |